Spotify: Die Top 20 meistgestreamten Songs - Statistiken

Allgemein
  • Dieses Quiz wurde 57 mal gespielt
  • Das Durchschnittsergebnis liegt bei 7 aus 20
Antwortstatistiken
# Künstler/-in / Band Songtitel % Korrekt
1 The Weeknd Blinding Lights
87%
2 Ed Sheeran Shape of You
72%
5 Harry Styles As It Was
49%
13 Glass Animals Heat Waves
45%
9 Ed Sheeran Perfect
43%
6 Lewis Capaldi Someone You Loved
40%
10 The Kid LAROI, Justin Bieber STAY
38%
20 Lady Gaga, Bruno Mars Die With A Smile
36%
11 Imagine Dragons Believer
30%
19 Vance Joy Riptide
30%
3 The Neighbourhood Sweater Weather
30%
15 Coldplay Yellow
30%
4 The Weeknd, Daft Punk Starboy
28%
7 Post Malone, Swae Lee Sunflower
28%
14 Billie Eilish, Khalid lovely
21%
8 Drake, Wizkid, Kyla One Dance
19%
17 The Chainsmokers, Halsey Closer
15%
18 Billie Eilish BIRDS OF A FEATHER
11%
12 Arctic Monkeys I Wanna Be Yours
6%
16 Lord Huron The Night We Met
4%
Keine übereinstimmenden Quizze gefunden
Verteilung der Resultate
Anzahl Personen mit jedem Resultat
Perzentil nach korrekt beantworteten Fragen
Ihre Resultats-Entwicklung
Sie haben dieses Quiz noch nicht gespielt